'M' Baby Names USA (2012) Quiz Stats

 Plays Quiz not verified by Sporcle

Score 0/169 Timer 14:00
0 Plays Today
Rank Name % Correct
8Michael
97.5%
123Mary
92.9%
101Maria
90.4%
12Matthew
89.3%
176Mark
87.6%
177Melissa
86.8%
576Marie
83.8%
265Martin
82.7%
601Marc
82.5%
9Madison
82.5%
90Molly
81.5%
162Michelle
81.2%
178Margaret
81%
8Mia
78.2%
2Mason
77.9%
858Mike
75.9%
77Melanie
75.6%
149Marcus
75.4%
105Max
74.4%
96Madeline
74.4%
199Megan
70.3%
246Maggie
69.8%
958Mack
69%
469Marvin
67.8%
63Maya
67%
587Morgan
65.7%
82Morgan
65.7%
463Mitchell
65.5%
71Mackenzie
65.2%
717Millie
64.7%
116Maxwell
64.2%
650Mollie
63.2%
433Michaela
59.6%
152Mckenzie
59.4%
665Mira
59.4%
886Meghan
59.4%
730Martha
59.1%
750Mae
57.4%
683Maxim
56.1%
320Marissa
56.1%
67Madelyn
55.6%
174Melody
55.6%
124Mya
55.3%
253Mario
55.1%
238Mikayla
55.1%
434Monica
54.6%
130Miguel
52%
621Melvin
52%
108Mariah
52%
289Madeleine
51.3%
69Makayla
51%
875Myra
50.5%
115Mila
50.3%
246Manuel
49.2%
213Miranda
49%
269Marco
48.5%
103Micah
47.7%
Rank Name % Correct
350Maddison
47.7%
873Micah
47.7%
664Micheal
47.2%
338Macy
46.7%
425Mathew
45.4%
825Markus
45.4%
911Marianna
45.4%
325Mallory
45.2%
834Mina
44.4%
917Mattie
44.4%
313Mariana
44.2%
800Mara
43.9%
426Marilyn
43.4%
111Miles
42.9%
504Maurice
42.9%
259Marley
41.9%
335Miley
40.9%
644Marina
40.9%
668Meredith
40.9%
150Makenzie
40.1%
348Marshall
39.8%
212Maci
39.1%
464Maximilian
38.3%
314Miriam
38.3%
598Madyson
38.1%
658Matilda
36.8%
833Macey
36.5%
701Mckayla
36.3%
371Macie
36%
983Marlene
35.8%
226Mckenna
35%
722Maia
35%
355Malia
34.5%
976Marisa
33%
330Milo
32.7%
138Mateo
31.5%
398Madelynn
31.2%
546Moses
30.7%
466Malcolm
30.2%
399Myla
29.7%
405Madisyn
29.2%
412Matteo
28.2%
450Madalyn
27.9%
695Mayson
26.9%
206Maximus
26.6%
694Marlon
26.6%
530Marlee
26.6%
229Makenna
26.1%
882Marcel
25.1%
529Maeve
24.4%
345Marcos
22.8%
645Melina
22.8%
287Madilyn
22.3%
484Melany
22.3%
680Matthias
21.8%
636Madalynn
21.3%
587Miah
20.8%
Rank Name % Correct
167Maddox
20.6%
724Masen
19.5%
592Mikaela
19%
671Mathias
18.8%
604Myah
18.5%
168Malachi
18.3%
557Madilynn
17.5%
356Maverick
17%
457Mckinley
17%
724Milan
16.2%
979Maison
15%
711Marisol
14.7%
555Mohammed
14.5%
320Maximiliano
14.2%
706Mercedes
14.2%
931Maliah
13.5%
472Mauricio
12.9%
874Moriah
12.9%
467Muhammad
12.2%
595Mohammad
12.2%
483Major
11.9%
552Madden
11.4%
340Malik
11.2%
920Maximo
11.2%
387Messiah
10.7%
760Marquis
10.7%
918Miya
10.4%
439Mohamed
9.6%
416Miracle
9.6%
620Mariam
9.6%
378Maliyah
9.4%
680Maryam
9.1%
450Moises
8.9%
637Maleah
8.6%
542Moshe
7.6%
789Marcelo
7.4%
965Milena
7.4%
682Makai
7.1%
948Milana
7.1%
674Mariyah
6.6%
949Monroe
6.6%
563Matias
6.3%
838Maritza
6.1%
968Malaki
5.6%
951Meadow
5.6%
571Malakai
4.8%
826Milania
4.6%
505Mekhi
2.8%
884Maxton
2.8%
787Malaya
2.8%
751Memphis
2%
902Mustafa
2%
569Malaysia
2%
809Misael
1.8%
872Makhi
1%

You're not logged in!

Compare scores with friends on all Sporcle quizzes.
OR
Log In

Show Comments

Extras

Top Quizzes Today


Score Distribution

Your Account Isn't Verified!

In order to create a playlist on Sporcle, you need to verify the email address you used during registration. Go to your Sporcle Settings to finish the process.

Report this User

Report this user for behavior that violates our Community Guidelines.

Details: